000 00800nam a2200241Ia 4500
005 20230831114022.0
008 210716s2008 xx 000 0 und d
020 _a9788131701782
040 _cAIMIT LIBRARY
041 _aeng
082 _a368.3
_213
_bBLAK
100 _aBlack, Kenneth.
_9131902
245 _aLife and health insurance /
_cBy Kenneth Black and Harold D Skipper.
250 _a13th ed.
260 _aNew Delhi :
_bPearson Education ,
_c2008.
300 _a1060p. ;
_bPB
_c23.5 cm
650 _aInsurance(368)
_9131903
651 _aLife and health insurance evaluation
_9131904
651 _aGovernment and employee benefit plans
_9131905
651 _aFinancial management and reporting
_9131906
700 _aSkipper, Harold D.
_9131907
942 _2ddc
_cBK
_e13th
_k368.3 BLAK
999 _c205233
_d205233